000 00706nam a2200205Ia 4500
003 GCL
008 140319s9999 xx 000 0 ara d
020 _a0217014977
040 _aGCL /
_cGCL
082 0 4 _a823.087
_bر هـ
100 1 _aرولينج، ج . ك
245 1 0 _aهارى بوتر وحجرة الاسرار /
_cرولينج، ج . ك
260 _aالقاهرة :
_bدار نهضة مصر للطبع والنشر ،
_c2005
300 _a287 ص ؛
_c23 سم
490 _aسلسلة هارى بوتر
_v2
650 0 4 _aالقصص الانجليزية المترجمة
650 0 4 _aالقصص الخرافية
650 0 4 _aالادب الانجليزى المترجم
942 _2ddc
_cBK
999 _c9189
_d9189